000 00519nam a22001817a 4500
005 20250109111422.0
008 241128b ||||| |||| 00| 0 eng d
040 _cAL
041 _aeng
082 _223
_a378.14
_bSTAA
100 _aST ALOYSIUS COLLEGE
_9192787
245 _aSt Aloysius College Mangalore: Annual Magazine 1952-1954
260 _aMangalore
_bSt Aloysius College
_c1954
300 _a505p.
_bHB
_c24x18cm.
650 _aCollege Annual
_9187121
650 _a1952 1953 1954
_9187122
942 _2ddc
_cDB
999 _c232030
_d232030